00514nam a2200181Ia 450000500170000000800410001704000180005804100080007608200210008410000190010524500440012425000120016826000450018030000250022565000220025065000330027265000270030520220218153625.0210716s2010 xx 000 0 und d cAIMIT LIBRARY aeng a519.521stbBAJN aBajpai, Naval. aBusiness statistics /cBy Naval Bajpai. a1st ed. aNew Delhi :bDorling Kindersley ,c2010. axxix,794 p.;c28 cm. aCharts and graphs aMeasures of central tendency aMeasures of dispersion